ბათუმის შოთა რუსთაველის სახელმწიფო უნივერსიტეტის ბიბლიოთეკა

Вопросы теории функции и математической физики (ბიბ.ჩანაწერი № 48165)

000 -LEADER
fixed length control field 00748nam a2200193Ia 4500
001 - CONTROL NUMBER
control field 15047
003 - CONTROL NUMBER IDENTIFIER
control field GE_BSU
008 - FIXED-LENGTH DATA ELEMENTS--GENERAL INFORMATION
fixed length control field 181216s||||||||xx |||||||||||||| ||und||
040 ## - CATALOGING SOURCE
Transcribing agency GE_BSU
080 ## - UNIVERSAL DECIMAL CLASSIFICATION NUMBER
Universal Decimal Classification number 517.5+530.1
245 ## - TITLE STATEMENT
Title Вопросы теории функции и математической физики
245 ## - TITLE STATEMENT
Remainder of title Сборник работ функции и математической физики. Сборник работ,посвященный 70-летию академика И.Н.Векуа
260 ## - PUBLICATION, DISTRIBUTION, ETC.
Place of publication, distribution, etc. Тбилиси
260 ## - PUBLICATION, DISTRIBUTION, ETC.
Name of publisher, distributor, etc. Мецниереба
260 ## - PUBLICATION, DISTRIBUTION, ETC.
Date of publication, distribution, etc. 1978
300 ## - PHYSICAL DESCRIPTION
Extent 256стр.26см.
653 ## - INDEX TERM--UNCONTROLLED
Uncontrolled term Вопросы теории функции и математической физики
942 ## - ADDED ENTRY ELEMENTS (KOHA)
Koha item type წიგნი
ეგზემპლარები
Withdrawn status Lost status Damaged status Not for loan Date acquired Barcode Date last seen Price effective from Koha item type
        2018-12-17 15518 2018-12-17 2018-12-17 წიგნი